000 01245cam a2200325 i 4500
999 _c41401
_d41401
001 41401
003 Mx-PuUPA
005 20191218124419.0
008 140415s2000 mx d gr 001 0 spa d
020 _a9706252460
040 _aMx-PuUPA
_bspa
_cMx-PuUPA
_dMx-PuUPA
_erda
041 0 _aspa
041 0 _aeng
240 1 0 _aCongresos.
_kEl futuro del cálculo infinitesimal = The future of infinitesimal calculus.
_f1996.
_lEspañol.
245 1 3 _aEl futuro del cálculo infinitesimal =
_bThe future of infinitesimal calculus : ICME - 8 /
_cpor Ricardo Cantoral, Ed Dubinsky y David Mathews [y otros veintisiete]
246 1 3 _aEl futuro del cálculo infinitesimal :
_bICME-
_n8
264 1 _aMéxico, D.F. :
_bGrupo Editorial Iberoamérica,
_c©2000
300 _axiv, 469 páginas :
_bdiagramas ;
_c23 cm
336 _atexto
_2rdacontent
_btxt
337 _asin medio
_2rdamedia
_bn
338 _avolumen
_2rdacarrier
_bnc
650 4 _aCálculo
700 1 _aCantoral, Roberto,
_eautor
700 1 _aDubinsky, Ed,
_eautor
700 1 _aMathews, David,
_eautor
942 _2ddc
_cLI
_h515.33
_iF996